000 00639nam a2200265 a 4500
003 AR-BaBNM
005 20251128205639.0
008 082120s2002 ||||||||||||||000 | spa||
020 _a950-534-245-4
040 _cAR-BaBNM
100 1 _aKern, Sergio
245 0 0 _aAdriana y el árbol
250 _a1ª ed.
260 _aBuenos Aires
_bA-Z editora
_c1994
300 _bil.
490 0 _aSerie del boleto
650 4 _aCUENTOS
650 4 _aLITERATURA INFANTIL
650 4 _aLIBROS PARA NIÑOS
650 4 _aCUENTOS DE AVENTURAS
653 _aCUENTO MARAVILLOSO
655 _aLITERATURA
942 _cBK
998 _cCARMEN
999 _c12222
_d12222